Working paper series / (Record no. 1665)

MARC details
000 -LEADER
fixed length control field 01758cas a2200493 a 4500
001 - CONTROL NUMBER
control field data
005 - DATE AND TIME OF LATEST TRANSACTION
control field 20260322212111.0
008 - FIXED-LENGTH DATA ELEMENTS--GENERAL INFORMATION
fixed length control field data
010 ## - LIBRARY OF CONGRESS CONTROL NUMBER
LC control number 94664057
016 7# - NATIONAL BIBLIOGRAPHIC AGENCY CONTROL NUMBER
Record control number 992011515
Source DE-101
016 7# - NATIONAL BIBLIOGRAPHIC AGENCY CONTROL NUMBER
Record control number 2472925-5
Source DE-600
022 ## - INTERNATIONAL STANDARD SERIAL NUMBER
International Standard Serial Number 1036-7373
023 0# - CLUSTER ISSN
Cluster ISSN 1036-7373
029 1# - OTHER SYSTEM CONTROL NUMBER (OCLC)
OCLC library identifier AU@
System control number 000008532981
029 1# - OTHER SYSTEM CONTROL NUMBER (OCLC)
OCLC library identifier AU@
System control number 000014170156
029 1# - OTHER SYSTEM CONTROL NUMBER (OCLC)
OCLC library identifier AU@
System control number 000023629406
029 1# - OTHER SYSTEM CONTROL NUMBER (OCLC)
OCLC library identifier AU@
System control number 000023986456
035 ## - SYSTEM CONTROL NUMBER
System control number (OCoLC)30022420
040 ## - CATALOGING SOURCE
Original cataloging agency DLC
Language of cataloging eng
Transcribing agency DLC
Modifying agency OCLCQ
-- GBVCP
-- OCLCO
-- OCLCQ
-- OCLCF
-- OCLCO
-- OCLCQ
-- OCLCL
-- OCLCQ
042 ## - AUTHENTICATION CODE
Authentication code pcc
043 ## - GEOGRAPHIC AREA CODE
Geographic area code u-at---
050 00 - LIBRARY OF CONGRESS CALL NUMBER
Classification number HG51
Item number .W67
130 0# - MAIN ENTRY--UNIFORM TITLE
Uniform title Working paper series (University of Technology, Sydney. School of Finance and Economics)
245 10 - TITLE STATEMENT
Title Working paper series /
Statement of responsibility, etc. University of Technology, Sydney, School of Finance and Economics.
260 ## - PUBLICATION, DISTRIBUTION, ETC.
Place of publication, distribution, etc. Sydney :
Name of publisher, distributor, etc. The School
249 0# -
-- ACQUIRE Title:
-- Working paper series / University of Technology, Sydney. School of Finance and Economics
300 ## - PHYSICAL DESCRIPTION
Extent volumes ;
Dimensions 30 cm
336 ## - CONTENT TYPE
Content type term text
Content type code txt
Source rdacontent
337 ## - MEDIA TYPE
Media type term unmediated
Media type code n
Source rdamedia
338 ## - CARRIER TYPE
Carrier type term volume
Carrier type code nc
Source rdacarrier
588 ## - SOURCE OF DESCRIPTION NOTE
Source of description note Description based on: Working paper no. 16; title from cover.
592 ## -
-- ACQN: aq 95013878
592 ## -
-- KP1; HG51.W67
650 #0 - SUBJECT ADDED ENTRY--TOPICAL TERM
Topical term or geographic name entry element Finance.
650 #0 - SUBJECT ADDED ENTRY--TOPICAL TERM
Topical term or geographic name entry element Finance
Geographic subdivision Australia.
650 #7 - SUBJECT ADDED ENTRY--TOPICAL TERM
Topical term or geographic name entry element Finance.
Source of heading or term fast
Authority record control number or standard number (OCoLC)fst00924349
651 #7 - SUBJECT ADDED ENTRY--GEOGRAPHIC NAME
Geographic name Australia.
Source of heading or term fast
Authority record control number or standard number (OCoLC)fst01204543
Real World Object URI https://id.oclc.org/worldcat/entity/E39QbtfRv8PPH7gCqhkJ8DK8bM
710 2# - ADDED ENTRY--CORPORATE NAME
Corporate name or jurisdiction name as entry element University of Technology, Sydney.
Subordinate unit School of Finance and Economics.
906 ## - LOCAL DATA ELEMENT F, LDF (RLIN)
a 7
b cbc
c serials
d u
e ncip
f 19
g n-oclcserc
991 ## -
-- c-GenColl
-- HG51
-- .W67
-- SERIALS
991 ## -
-- c-Ser
-- ACQUIRE
992 ## -
-- EMPTY
-- ACQUIRE
Holdings
Withdrawn status Lost status Damaged status Not for loan Home library Current library Shelving location Date acquired Total checkouts Full call number Barcode Date last seen Price effective from Koha item type
        Springfield Springfield General stacks 22/03/2026   HG51 LOC-SPL-00008 22/03/2026 22/03/2026 Books